Groups and geometries : Siena conference, September 1996
Αποθηκεύτηκε σε:
| Άλλοι συγγραφείς: | |
|---|---|
| Μορφή: | Βιβλίο |
| Γλώσσα: | English |
| Δημοσίευση: |
Basel ; Boston :
Birkhauser,
c1998
|
| Σειρά: | Trends in mathematics
|
| Θέματα: | |
| Ετικέτες: |
Προσθήκη ετικέτας
Δεν υπάρχουν, Καταχωρήστε ετικέτα πρώτοι!
|
MARC
| LEADER | 00000nam a2200000 i 4500 | ||
|---|---|---|---|
| 001 | 1/91445 | ||
| 008 | 991018s1998 eng d | ||
| 020 | |a 3764358815 | ||
| 035 | |l 10053594 | ||
| 040 | |a GR-MY-UA |b gre |e aacr | ||
| 041 | 0 | |a eng | |
| 082 | 0 | |a 512.2 | |
| 245 | 1 | 0 | |a Groups and geometries : |b Siena conference, September 1996 / |c Lino di Martino...[et.al.], editors |
| 260 | |a Basel ; Boston : |b Birkhauser, |c c1998 | ||
| 300 | |a xii, 261 p.; |b ill.; |c 24 cm. | ||
| 490 | 1 | |a Trends in mathematics | |
| 500 | |a Includes bibliographical references | ||
| 650 | 0 | 0 | |a Group theory |x Congresses. |
| 650 | 0 | 0 | |a Geometry |x Congresses. |
| 650 | 0 | 0 | |a Combinatorial analysis |x Congresses. |
| 700 | 1 | |a Di Martino, Lino. |4 edt | |
| 830 | 0 | |a Trends in mathematics | |
| 852 | |a INST |b SAMOS |e 19991018 |h 512.2 GRO |p 005300012491 |q 005300012491 |t BK |y 0 | ||
| 901 | |a BIBL3-1999-3 | ||
| 909 | |a Σ |b 063277 | ||
| 922 | |a 3ΕΛΗ |b 199907 |c ΕΠΕΑΕΚ/ΜΑΘ |d ΠΑΠΑΣΩΤΗΡΙΟΥ | ||
| 970 | |a ΓΕΝΟΥΖΟΥ |b ΧΡΥΣΑΝΘΗ |z 1999/10/18 | ||